| 000 | 00437nam a2200193Ia 4500 | ||
|---|---|---|---|
| 003 | 0100 | ||
| 008 | 130307s9999 xx 000 0 und d | ||
| 040 | _cARRUPELIB | ||
| 050 | _aHD1265.Z56 1995 | ||
| 100 | _aMoyo, Sam | ||
| 245 | 4 | _aThe land question in Zimbabwe | |
| 260 | _aHarare | ||
| 260 | _bSapes books | ||
| 260 | _c1995 | ||
| 300 | _a333p. | ||
| 300 | _b22cm | ||
| 650 | _bGreat Britain--History--Tudors | ||
| 942 | 0 | 0 | _01 |
| 999 |
_c100084 _d100084 |
||